Literary duos - Statistics

General Stats
  • This quiz has been taken 58 times
    44 since last reset
  • The average score is 7 of 19
Answer Stats
Hint % Correct
Cain & {Abel}
94%
Hansel & {Gretel}
91%
The Iliad & {The Odyssey}
65%
Elizabeth & {Mr Darcy}
56%
Sancho Panza & {Don Quixote}
56%
Katniss & {Peeta}
50%
Jay Gatsby & {Daisy Buchanan}
47%
Odysseus & {Penelope}
47%
{Catherine} & Heathcliff
41%
{Achilles} & Patroclus
38%
Jo & {Laurie}
29%
Lenny & {George}
24%
{Aziraphale} & Crowley
15%
Six of Crows & {Crooked Kingdom}
12%
Daphne & {Simon}
6%
Santiago & {The Alchemist}
3%
The Hazel Wood & {The Night Country}
3%
{Jinxed} & Unleashed
0%
Liesel & {Rudy}
0%
No matching quizzes found
Score Distribution
Percent of People with Each Score
Percentile by Number Answered
Your Score History
You have not taken this quiz since the last reset